In welchen Ländern sind die Berühmtheiten geboren? - Statistiken

Allgemein
  • Dieses Quiz wurde 251 mal gespielt
  • Das Durchschnittsergebnis liegt bei 12 aus 19
Antwortstatistiken
Bildquiz Antwort % Korrekt
Deutschland
99%
Kanada
97%
Vereinigte Staaten
95%
Russland
85%
Vereinigtes Königreich
76%
Australien
71%
Spanien
71%
Südkorea
71%
Kolumbien
70%
Mexiko
70%
Italien
67%
Irland
66%
Frankreich
64%
Südafrika
59%
Schweden
50%
Neuseeland
42%
Kuba
36%
Hongkong
33%
Kirgisistan
8%
Keine übereinstimmenden Quizze gefunden
Verteilung der Resultate
Anzahl Personen mit jedem Resultat
Perzentil nach korrekt beantworteten Fragen
Ihre Resultats-Entwicklung
Sie haben dieses Quiz noch nicht gespielt